Steering through the maze no. 1 (Record no. 82489)
[ view plain ]
| 000 -LEADER | |
|---|---|
| fixed length control field | 01468cad a22002055a 4500 |
| 001 - CONTROL NUMBER | |
| control field | L150383 |
| 008 - FIXED-LENGTH DATA ELEMENTS--GENERAL INFORMATION | |
| fixed length control field | 100707e2010 xxk 000 0 eng d |
| 035 ## - SYSTEM CONTROL NUMBER | |
| System control number | (Sirsi) u150383 |
| 041 0# - LANGUAGE CODE | |
| Language code of text/sound track or separate title | eng |
| 050 ## - LIBRARY OF CONGRESS CALL NUMBER | |
| Classification number | 333.72 $1 8 |
| 110 2# - MAIN ENTRY--CORPORATE NAME | |
| Corporate name or jurisdiction name as entry element | European Council for an Energy Efficient Economy |
| 245 00 - TITLE STATEMENT | |
| Title | Steering through the maze no. 1 |
| Remainder of title | your eceee guide to the recast of the energy performance of buildings directive (EPBD) |
| Medium | [electronic resource] |
| 260 ## - PUBLICATION, DISTRIBUTION, ETC. | |
| Place of publication, distribution, etc. | Stockholm |
| Name of publisher, distributor, etc. | ECEEE |
| Date of publication, distribution, etc. | 2010 |
| 520 ## - SUMMARY, ETC. | |
| Summary, etc. | The EPBD is the main legal instrument in Europe for improving energy performance in buildings. It provides for a comprehensive and integrated approach towards improving the efficient use of energy in both new and existing buildings, residential as well as commercial. The EPBD's provisions cover energy needs for thermal insulation, space and hot water heating, cooling, ventilation and lighting. Most of the existing provisions apply to all buildings, regardless of their size and whether in residential or nonresidential use. This is a document that is regularly updated by eceee to reflect the status of the approval process of the recast of the Energy Performance of Buildings Directive (EPBD). |
| 590 ## - LOCAL NOTE (RLIN) | |
| Local note | KA |
| 651 #4 - SUBJECT ADDED ENTRY--GEOGRAPHIC NAME | |
| Geographic name | Europe |
| 690 ## - LOCAL SUBJECT ADDED ENTRY--TOPICAL TERM (OCLC, RLIN) | |
| Topical term or geographic name as entry element | ENVIRONMENTAL AND LAND CONSULTANCY-ENERGY-ENERGY USE-ENERGY EFFICIENCY |
| 856 48 - ELECTRONIC LOCATION AND ACCESS | |
| Uniform Resource Identifier | <a href="https://www.eceee.org/buildings/Mazeguide1_EPBDrecastRev090310.pdf">https://www.eceee.org/buildings/Mazeguide1_EPBDrecastRev090310.pdf</a> |
| Public note | View the website free of charge at www.eceee.org |
| 942 ## - ADDED ENTRY ELEMENTS (KOHA) | |
| Suppress in OPAC | 0 |
| Withdrawn status | Lost status | Source of classification or shelving scheme | Damaged status | Not for loan | Home library | Current library | Shelving location | Date acquired | Total Checkouts | Full call number | Barcode | Date last seen | Copy number | Price effective from | Koha item type |
|---|---|---|---|---|---|---|---|---|---|---|---|---|---|---|---|
| Dewey Decimal Classification | Virtual | Virtual | Online | 07/07/2010 | ONLINE PUBLICATION | L150383 | 06/08/2019 | 1 | 06/08/2019 | Book |